Statistics for Guess the Famous People from their Eyes #33

Click here to take the quiz!

General Stats

  • This quiz has been taken 43 times
  • The average score is 5 of 16

Answer Stats

Answer% Correct
Will Ferrell
73%
Mariah Carey
63%
Kate Winslet
55%
Billy Ray Cyrus
53%
Chris Pine
53%
Nikola Tesla
50%
Ella Fitzgerald
20%
Richard Attenborough
18%
Bear Grylls
15%
Bing Crosby
15%
Michelle Pfeiffer
15%
Jonah Hill
13%
Jane Goodall
10%
Idina Menzel
5%
Stella McCartney
5%
Sarah McLachlan
3%

Score Distribution

Percentile by Number Answered

Percent of People with Each Score

Your Score History

You have not taken this quiz